| 000 | 01583cam a22003371ia4500 | ||
|---|---|---|---|
| 003 | SA-RiAUC | ||
| 005 | 20241030150127.0 | ||
| 008 | 241030s2006 su g b f00010 ara c | ||
| 020 | _a9960002632 | ||
| 020 | _a2263009960 | ||
| 020 | _a9960002640 | ||
| 040 |
_aSA-JeALM _bara _cSA-RiAUC _erda |
||
| 043 | _aa-su--- | ||
| 050 | 4 | _bM88 2006 | |
| 082 | 0 | 4 |
_a011.31 _qSA-RiAUC |
| 090 |
_a011.31 _bم ط ي |
||
| 100 | 1 |
_aمطيع الرحمن، محمد بن سيد أحمد _eمؤلف. |
|
| 245 | 1 | 2 |
_aالفهرس المختصر لمخطوطات مكتبة الحرم المكي الشريف / _cإعداد ومراجعة محمد سيد مطيع الرحمن، عادل جميل عيد ؛ إشراف محمد بن عبدالله باجودة. |
| 264 | 1 |
_aالرياض : _bمكتبة الملك فهد الوطنية، _c2006 |
|
| 300 |
_a4 مجلد ؛ _c24 سم. |
||
| 336 |
_aنص _btxt _2rdacontent _3كتاب |
||
| 337 |
_aبدون وسيط _bn _2rdamedia |
||
| 338 |
_aمجلد _bnc _2rdacarrier |
||
| 490 | 0 |
_aمطبوعات مكتبة الملك فهد الوطنية ؛ _vالسلسلة الثالثة ؛ _v61 |
|
| 610 | 2 | 7 |
_aالمسجد الحرام. _bالمكتبة _xمخطوطات _vفهارس _2aucnm |
| 650 | 7 |
_aالمخطوطات العربية _zمكة المكرمة _vببليوجرافيات _2aucsh |
|
| 700 | 1 |
_aعيد، عادل بن جميل بن عبد الرحمن _eمؤلف. |
|
| 700 | 1 |
_aباجودة، محمد عبد الله علي، _d1379 هجري- _eمشرف. |
|
| 942 |
_2ddc _cBOOK _n0 |
||
| 949 |
_aSA-JeALM _d241030 _umohamedma123 _n1 |
||
| 999 |
_c1942 _d1942 |
||